000 00975nam a2200289Ia 4500
003 OSt
005 20221005022725.0
006 a|||||r|||| 00| 0
007 ta
008 221004b |||||||| |||| 00| 0 eng d
020 _a158811533X
_c14595
024 _a81828
037 _b436, 30/03/2005, Vardhman Books
_cTextual
040 _aCRL
_cCRL
_beng
041 _2eng
_aeng
082 _aP:3, P4.1-.2
100 _aBhaskararao Peri Ed.
_9578533
245 0 _aNon-nominative subjects edited by Per Bhaskararao and Karumuri Venkata Subbarao
260 _aAmsterdam
_bJohn Benjamins Publishing Company
_c2004
300 _a323; 317p.
_ccm.
490 _aTypological studies in language
650 _a LINGUISTICS
650 _aLINGUISTICS
700 _a Subbarao Karumuri Venkata Ed.
_9578534
942 _hP:3, P4.1-.2
_cTEXL
_2cc
999 _c929924
_d929924